000 00628nam a2200229Ia 4500
001 43456
005 20240114003549.0
007 ta
008 081106s1994 g b000 u 346 u
040 _aCotton College, Guwa
041 _a346
082 _a891.443
_bCh 458 Bi
100 _aChattopadhya, Sharatchandra .
245 0 _aBindur Chele O Anuradha /
_cSharatchandra Chattopadhya.
_hTextual Documents
250 _a1st ed. /
260 _aKolkata :
_bReflect Publisher ,
_c1994.
300 _a62 ;
_c20cm.
653 _aBengali literature
942 _2ddc
_cBK
999 _c43422
_d43422